| 000 | 00609nam a2200241 a 4500 | ||
|---|---|---|---|
| 001 | 0001-1051 | ||
| 003 | ELIB.Books | ||
| 008 | 141126 2010 eng | ||
| 020 | _a10844741214 | ||
| 035 | _a(ELIB.Books)0001-1206 | ||
| 092 |
_a230 _bChi |
||
| 100 | _aChia, Roland. | ||
| 245 |
_aHope for the World _bThe Christian Vision |
||
| 260 |
_aLeicester _bInter-Varsity Press _c2006 |
||
| 300 |
_a167 _c19.7 Cm |
||
| 500 | _aLibrary | ||
| 650 | _aTheology | ||
| 856 |
_nKBTS; Library _uKBTS; Elib. |
||
| 942 |
_2ddc _cBK |
||
| 990 | _a2 | ||
| 998 |
_cbat _e2014-11-26 |
||
| 999 |
_c11051 _d11051 |
||